| 000 | 00856nam a22002537a 4500 | ||
|---|---|---|---|
| 003 | PE SENCICO BE | ||
| 005 | 20251020182625.0 | ||
| 008 | 230125b |||||||| |||| 00| 0 eng d | ||
| 020 | _a978-84-267-2263-8 | ||
| 040 |
_aPE SENCICO BE _cPE SENCICO BE |
||
| 041 | _aspa | ||
| 082 |
_a697.93 _bM63 _c2016 |
||
| 100 | 1 |
_9523 _aMiranda Barreras, Ángel L. |
|
| 245 | 1 |
_aTécnicas de climatización / _cÁngel L. Miranda Barreras |
|
| 250 | _a4a ed. | ||
| 260 |
_as.l. : _bMarcombo, ediciones técnicas; _c2016 |
||
| 300 |
_axv, 216 p. : _bdiagrs., _c24 cm. |
||
| 440 |
_9524 _aColección técnicas de climatización |
||
| 650 | 1 | 4 |
_953 _aAire acondicionado _vManuales, etc. |
| 650 | 2 | 4 |
_9407 _aSistemas de climatización |
| 650 | 2 | 4 |
_9525 _aSistemas de refrigeración |
| 910 |
_bhfp _chfp |
||
| 942 |
_2ddc _cLIB _e2016 _h697.93 _iM63 |
||
| 999 |
_c3795 _d3795 |
||